000 00892pam a2200289 a 4500
001 41868
003 OSt
005 20140923142238.0
008 880915s1989 ne a b 001 0 eng c
020 _a0746201060 :
_c£25.00 (U.K. : est.)
020 _a0746201044 (pbk.) :
_c£10.00 (U.K. : est.)
040 _aDNLM/DLC
_cDLC
_dDLC
050 0 0 _aRC182.R4
_bT28 1989
060 _aWC 220 T177r
082 0 0 _a616.9'91
_219
100 1 _aTaranta, Angelo V.
245 1 0 _aRheumatic fever /
_cAngelo Taranta, Milton Markowitz.
250 _a2nd ed.
260 _aDordrecht ;
_aBoston :
_bKluwer Academic Publishers,
_cc1989.
300 _ax, 99 p. :
_bill. ;
_c22 cm.
504 _aIncludes bibliographies and index.
650 0 _aRheumatic fever.
650 2 _aRheumatic Fever.
700 1 _aMarkowitz, Milton,
_d1918-
906 _a7
_bcbc
_corignew
_d1
_eocip
_f19
_gy-gencatlg
942 _2ddc
_cBK
999 _c670
_d670